| 000 | 01435nam a2200229Ia 4500 | ||
|---|---|---|---|
| 003 | Ost | ||
| 005 | 20260507075113.0 | ||
| 008 | 260507s9999||||xx |||||||||||||| ||und|| | ||
| 020 | _aX175800977 | ||
| 040 | _cfsecg | ||
| 041 | _aara | ||
| 082 | _a330 | ||
| 100 |
_aالنيداني، الأنصاري حسن _eمؤلف |
||
| 245 | 0 |
_aالنظام القانوني للخصومة أمام محكمة الإحالة بعد النقض / _c الأنصاري حسن النيداني |
|
| 260 |
_aالاسكندرية: _bدار الجامعة الجديدة, _c2002 |
||
| 300 |
_a351 صفحة؛ _c24 سم |
||
| 490 | _aالمكتبة القانونية | ||
| 504 | _aببليوغرافيا:ص.319-326 | ||
| 520 | _aماذا بعد النقض،حالات النقض دون إحالة،حالات النقض والقوف عن هذا الحد،نقض الحكم والفصل فيه،الحالات التي يجب فيها إحالة الدعوى،المحكمة التي تحال إليها القضية،التعجيل في القانون المصري،مراحل الخصومة وعوارضها،نطاق الخصومة من حيث الطلبات،نطاق الخصومة من حيث الدفوع حكم محكمة الإحالة والطعن فيه،سلطات محكمة الإحالة،إجراءات طرح الطعن ونظره أمام الجمعية المكتملة | ||
| 653 | _aنقض الأحكام | ||
| 942 | _cكتاب | ||
| 999 |
_c42957 _d42957 |
||